[Event "CYCC U10"]
[Site "Windsor CAN"]
[Date "2016.07.06"]
[Round "2.85"]
[White "Lu, Lucas Yunkun"]
[Black "Xie, Austin"]
[Result "1/2-1/2"]
[WhiteElo "1083"]
[BlackElo "1638"]
[PlyCount "114"]
[EventDate "2016.07.05"]
[EventType "swiss"]
[EventRounds "7"]
[EventCountry "CAN"]

1. e4 c5 2. Nc3 d6 3. g3 g6 4. Bg2 Bg7 5. d3 Nc6 6. Be3 e6 7. Qd2 Nge7 8. Nge2
Bd7 9. O-O O-O 10. Bh6 Qb8 11. Bxg7 Kxg7 12. f4 h5 13. Nd1 Qc8 14. h3 e5 15.
Kh2 f5 16. Ne3 Rb8 17. Rf2 b5 18. Raf1 Be6 19. Nd5 Qd7 20. fxe5 dxe5 21. Nxe7
Nxe7 22. Qc3 Qd6 23. Nf4 Bg8 24. Ne2 b4 25. Qd2 Be6 26. exf5 Bxf5 27. Qe3 a5
28. Be4 Bxe4 29. Qxe4 Qd5 30. Rxf8 Rxf8 31. Rxf8 Qxe4 32. dxe4 Kxf8 33. c3 Nc6
34. g4 Ne7 35. Kg3 Kg7 36. Kh4 hxg4 37. hxg4 Kf6 38. g5+ Ke6 39. Kg3 Kd6 40.
Kf3 Kc6 41. c4 Kb6 42. b3 Nc6 43. Ke3 a4 44. Nc1 a3 45. Ne2 Na5 46. Nc3 Kc6 47.
Kd3 Kd6 48. Ke3 Nc6 49. Ne2 Nd8 50. Kf3 Ne6 51. Kg4 Nd4 52. Nc1 Ke7 53. Kg3 Kd6
54. Kg4 Nc2 55. Kg3 Ne3 56. Kf3 Nc2 57. Kg4 Nd4 1/2-1/2

[Event "CYCC U10"]
[Site "Windsor CAN"]
[Date "2016.07.06"]
[Round "2.86"]
[White "Gu, Chuyang"]
[Black "Fedyushchenko, Alexander"]
[Result "1-0"]
[WhiteElo "1632"]
[BlackElo "1136"]
[PlyCount "81"]
[EventDate "2016.07.05"]
[EventType "swiss"]
[EventRounds "7"]
[EventCountry "CAN"]

1. e4 e5 2. Nf3 Nc6 3. Bb5 a6 4. Ba4 Nf6 5. O-O b5 6. Bb3 Be7 7. Re1 O-O 8. c3
h6 9. d4 d6 10. h3 Bb7 11. Nbd2 Na5 12. Bc2 exd4 13. cxd4 c5 14. d5 Qb6 15. b3
Nd7 16. Nf1 Rac8 17. Ng3 Bh4 18. Nxh4 c4 19. b4 Nc6 20. dxc6 Rxc6 21. Nhf5 d5
22. Ne7+ Kh8 23. Nxc6 Qxc6 24. exd5 Qxd5 25. Qxd5 Bxd5 26. Bb2 Be6 27. Nh5 Rg8
28. Rad1 Nb6 29. a3 Nd5 30. Rxd5 Bxd5 31. Re3 Be6 32. Nxg7 Rxg7 33. Rg3 Kg8 34.
Bxg7 f5 35. Bxh6+ Kh7 36. Be3 c3 37. Bd4 Kh6 38. Bxc3 f4 39. Bg7+ Kh5 40. Bg6+
Kh4 41. Bf6# 1-0

[Event "CYCC U10"]
[Site "Windsor CAN"]
[Date "2016.07.06"]
[Round "2.87"]
[White "Balachandran, Kousihan"]
[Black "Imoo, Joshua"]
[Result "1-0"]
[WhiteElo "1525"]
[BlackElo "1072"]
[PlyCount "135"]
[EventDate "2016.07.05"]
[EventType "swiss"]
[EventRounds "7"]
[EventCountry "CAN"]

1. e4 e5 2. Nf3 Nc6 3. Bc4 Nf6 4. Nc3 Be7 5. O-O O-O 6. d4 exd4 7. Nxd4 Bb4 8.
Nd5 Nxd5 9. exd5 Ne5 10. Bb3 Qf6 11. c3 Bc5 12. Be3 d6 13. Qd2 Qg6 14. Bc2 Qh5
15. Bd1 Qg6 16. Qc2 Nd3 17. Bh5 Qxh5 18. Qxd3 Bxd4 19. Qxd4 f5 20. Qd1 Qg6 21.
Bf4 Qf6 22. Qf3 g5 23. Qg3 h6 24. h4 g4 25. Qe3 Kh7 26. Rfe1 Qg7 27. Re2 Bd7
28. Rae1 Rae8 29. Qxa7 Rxe2 30. Rxe2 Bc8 31. Qe3 Bd7 32. Qd3 Rf7 33. b4 Re7 34.
Rxe7 Qxe7 35. Bg3 Qe4 36. Qxe4 fxe4 37. c4 b5 38. c5 dxc5 39. bxc5 c6 40. d6 h5
41. Kf1 Kg6 42. a3 Kf5 43. Ke2 Ke6 44. Bf4 Kf5 45. Bd2 Be8 46. Ke3 Ke6 47. Kxe4
Bd7 48. f3 gxf3 49. gxf3 Be8 50. Kf4 Kd5 51. Bb4 Ke6 52. Kg5 Ke5 53. f4+ Ke6
54. f5+ Kd7 55. Kf6 Kd8 56. Kg7 Kc8 57. f6 Kd8 58. f7 Bxf7 59. Kxf7 Kd7 60. Kg6
Kd8 61. Kxh5 Kd7 62. Kg6 Kd8 63. h5 Ke8 64. h6 Kf8 65. h7 Ke8 66. h8=Q+ Kd7 67.
Qg7+ Ke8 68. Qe7# 1-0

[Event "CYCC U10"]
[Site "Windsor CAN"]
[Date "2016.07.06"]
[Round "2.88"]
[White "Guipi Bopala, Prince Eric jr"]
[Black "Feng, Richard2"]
[Result "1-0"]
[WhiteElo "1499"]
[BlackElo "761"]
[PlyCount "115"]
[EventDate "2016.07.05"]
[EventType "swiss"]
[EventRounds "7"]
[EventCountry "CAN"]

1. d4 Nf6 2. c4 g6 3. Nc3 Bg7 4. e4 d6 5. f3 O-O 6. Be3 e5 7. Nge2 Re8 8. Qd2
Nbd7 9. Rd1 Nb6 10. b3 a5 11. dxe5 Rxe5 12. Bxb6 cxb6 13. Qxd6 Qxd6 14. Rxd6
Re6 15. Nf4 Ne8 16. Rd8 Re5 17. Ncd5 Rb8 18. Nxb6 Bh6 19. Nfd5 Kg7 20. Nd7 Bxd7
21. Rxb8 Nf6 22. Nxf6 Kxf6 23. Rxb7 Be6 24. Rb5 Bf8 25. Bd3 Bd7 26. Rb6+ Re6
27. Rxe6+ fxe6 28. Ke2 Bb4 29. Rc1 Bc6 30. Rd1 e5 31. g3 g5 32. Bc2 Ke7 33. Rh1
h5 34. h4 Kf6 35. Kd3 Bc5 36. Bd1 Be8 37. hxg5+ Kxg5 38. f4+ exf4 39. gxf4+
Kxf4 40. Bxh5 Bc6 41. Bg6 Ke5 42. Bf5 Kf4 43. Rh4+ Ke5 44. Rh6 Bb7 45. Rh5 Kf4
46. Bh7 Bb4 47. Rb5 Bc6 48. Rxb4 axb4 49. Kd4 Bxe4 50. Bxe4 Kg5 51. Kc5 Kf6 52.
Kd6 Kf7 53. c5 Ke8 54. c6 Kd8 55. c7+ Kc8 56. Bf5+ Kb7 57. c8=Q+ Kb6 58. Qb8+
1-0

[Event "CYCC U10"]
[Site "Windsor CAN"]
[Date "2016.07.06"]
[Round "2.89"]
[White "Ho, Hewitt"]
[Black "Ivanescu, Mark"]
[Result "0-1"]
[WhiteElo "749"]
[BlackElo "1603"]
[PlyCount "70"]
[EventDate "2016.07.05"]
[EventType "swiss"]
[EventRounds "7"]
[EventCountry "CAN"]

1. e4 e6 2. d4 d5 3. Nc3 b6 4. Nf3 Nf6 5. Bg5 Be7 6. e5 Nfd7 7. Bxe7 Qxe7 8.
Bb5 a6 9. Ba4 b5 10. Bb3 c5 11. dxc5 Nxc5 12. O-O O-O 13. Re1 Nbd7 14. a4 Nxb3
15. cxb3 b4 16. Na2 a5 17. Rc1 Ba6 18. Nd4 Qd8 19. Nc6 Qb6 20. Ne7+ Kh8 21. Rc6
Qb7 22. Qc2 Qb8 23. Rc7 Qd8 24. Qc6 Bc8 25. Qxa8 Qxc7 26. Rc1 Qxe5 27. Qxc8 Qd6
28. Rc6 Qxe7 29. Rc7 Rxc8 30. Rxc8+ Nf8 31. Nc1 g6 32. Nd3 Kg7 33. Ne5 Qf6 34.
Rxf8 Qxe5 35. f4 Qe1# 0-1

[Event "CYCC U10"]
[Site "Windsor CAN"]
[Date "2016.07.06"]
[Round "2.91"]
[White "Bui, Alan"]
[Black "Jasniewicz, Karol"]
[Result "1-0"]
[WhiteElo "1417"]
[BlackElo "848"]
[PlyCount "91"]
[EventDate "2016.07.05"]
[EventType "swiss"]
[EventRounds "7"]
[EventCountry "CAN"]

1. d4 d5 2. Nf3 Nf6 3. Bf4 Bf5 4. e3 e6 5. c4 c6 6. Be2 Bb4+ 7. Nbd2 Ne4 8. O-O
Nxd2 9. Nxd2 Bxd2 10. Qxd2 O-O 11. Rac1 Qf6 12. Bf3 Nd7 13. Qc3 Nb6 14. b3 Qg6
15. c5 Nd7 16. b4 a6 17. a4 Nf6 18. Qd2 Ne4 19. Bxe4 Bxe4 20. f3 Bf5 21. Rfe1
h6 22. Rc3 Rab8 23. Bxb8 Rxb8 24. Qe2 Re8 25. b5 a5 26. Kh1 e5 27. dxe5 Rxe5
28. Qf2 Qe6 29. Rcc1 cxb5 30. axb5 b6 31. c6 Qd6 32. c7 Re8 33. Red1 Rc8 34. e4
Rxc7 35. Rxc7 Qxc7 36. exf5 Qc4 37. Qxb6 a4 38. Qd8+ Kh7 39. Qxd5 Qe2 40. Qd3
Qb2 41. f6+ g6 42. Rb1 Qa2 43. b6 a3 44. b7 Qf2 45. Qb3 a2 46. Qxf7+ 1-0

[Event "CYCC U10"]
[Site "Windsor CAN"]
[Date "2016.07.06"]
[Round "2.93"]
[White "Zhao, Tianjiu"]
[Black "Yim, Justin"]
[Result "1-0"]
[WhiteElo "1016"]
[BlackElo "708"]
[PlyCount "101"]
[EventDate "2016.07.05"]
[EventType "swiss"]
[EventRounds "7"]
[EventCountry "CAN"]

1. e4 e5 2. Nf3 Nc6 3. Bc4 Nf6 4. Ng5 d5 5. exd5 Na5 6. Bb5+ c6 7. dxc6 bxc6 8.
Be2 Bc5 9. O-O O-O 10. a3 Bd6 11. b4 Nb7 12. Nc3 h6 13. Nge4 Nxe4 14. Nxe4 Bf5
15. Nxd6 Nxd6 16. Bf3 e4 17. Be2 Qg5 18. d3 Qg6 19. dxe4 Bh3 20. Bf3 Nxe4 21.
Bxe4 Qxe4 22. gxh3 Qg6+ 23. Qg4 Qf6 24. Be3 Rfe8 25. Qf4 Qg6+ 26. Qg4 Qxc2 27.
Bxh6 Qh7 28. Be3 g6 29. f4 Rxe3 30. Rf3 Rae8 31. Kg2 Rxf3 32. Kxf3 Qh8 33. Rc1
f5 34. Qxg6+ Kf8 35. Qxf5+ Kg8 36. Rg1+ Qg7 37. Rxg7+ Kxg7 38. Qd7+ Kf8 39.
Qxc6 Re7 40. Qf6+ Ke8 41. Qxe7+ Kxe7 42. Kg4 Kf7 43. h4 Kg7 44. Kf5 a5 45. bxa5
Kf7 46. a6 Kf8 47. a7 Ke8 48. a8=Q+ Kf7 49. Qb7+ Ke8 50. Ke6 Kf8 51. Qf7# 1-0

[Event "CYCC U10"]
[Site "Windsor CAN"]
[Date "2016.07.06"]
[Round "2.94"]
[White "Aubin, Felix"]
[Black "Gaisinsky, Jacob"]
[Result "0-1"]
[WhiteElo "792"]
[BlackElo "999"]
[PlyCount "60"]
[EventDate "2016.07.05"]
[EventType "swiss"]
[EventRounds "7"]
[EventCountry "CAN"]

1. e4 e5 2. Bc4 Nf6 3. h4 Nxe4 4. Qf3 d5 5. Bb5+ Bd7 6. Qb3 Bxb5 7. Qxb5+ c6 8.
Qxb7 Nd7 9. d3 Nec5 10. Qb4 Nxd3+ 11. cxd3 Bxb4+ 12. Kd1 Qf6 13. Nh3 Qxh4 14.
g3 Qd4 15. Bd2 Qxd3 16. Re1 O-O 17. Ng5 h6 18. Nh3 Rab8 19. Rh1 Qf3+ 20. Kc2
Bxd2 21. Nxd2 Qxh1 22. Rxh1 Rb4 23. a3 Rb5 24. Ng1 Rfb8 25. Nb3 Rxb3 26. Nf3 e4
27. Nh4 d4 28. Nf5 Rxb2+ 29. Kc1 Rb1+ 30. Kc2 R8b2# 0-1

[Event "CYCC U10"]
[Site "Windsor CAN"]
[Date "2016.07.06"]
[Round "2.96"]
[White "Marcelloni, Jacob"]
[Black "Si, Patrick"]
[Result "1-0"]
[WhiteElo "686"]
[BlackElo "931"]
[PlyCount "101"]
[EventDate "2016.07.05"]
[EventType "swiss"]
[EventRounds "7"]
[EventCountry "CAN"]

1. d4 d5 2. c4 dxc4 3. e3 Nc6 4. Bxc4 Bf5 5. Nf3 e6 6. O-O Bd6 7. Nc3 Nf6 8.
Qb3 Rb8 9. Re1 O-O 10. e4 Na5 11. Qa4 Nxc4 12. Qxc4 Nxe4 13. Nxe4 Be7 14. Bf4
Rc8 15. Rac1 c6 16. Be5 Bxe4 17. Rxe4 Bf6 18. Bxf6 Qxf6 19. h3 Qf5 20. Rce1
Rfe8 21. Re5 Qf6 22. Qd3 Red8 23. Ng5 g6 24. R1e4 c5 25. Qc4 Rd5 26. Rxd5 exd5
27. Qxd5 cxd4 28. Rxd4 b6 29. Ne4 Qf4 30. Nd6 Rc1+ 31. Rd1 Rxd1+ 32. Qxd1 Qb4
33. b3 b5 34. Qd5 Qf4 35. Qa8+ Kg7 36. Ne8+ Kh6 37. g4 f6 38. Qxa7 Qc1+ 39. Kg2
Qc6+ 40. Kf1 Qxe8 41. Qb6 Qe5 42. a4 bxa4 43. bxa4 Qa1+ 44. Kg2 Qxa4 45. Qe3+
g5 46. Qe6 Qa8+ 47. Kf1 Qf8 48. Qf5 Qg7 49. h4 Qg8 50. Qxf6+ Qg6 51. Qf8+ 1-0

[Event "CYCC U10"]
[Site "Windsor CAN"]
[Date "2016.07.06"]
[Round "2.97"]
[White "Xing, Blair"]
[Black "Ripley, Noah"]
[Result "1-0"]
[WhiteElo "924"]
[BlackElo "670"]
[PlyCount "137"]
[EventDate "2016.07.05"]
[EventType "swiss"]
[EventRounds "7"]
[EventCountry "CAN"]

1. e4 e5 2. Nf3 Nc6 3. Nc3 Bc5 4. Bc4 d6 5. h3 Nf6 6. d3 Be6 7. Bb3 h6 8. O-O
Qd7 9. Bxe6 fxe6 10. Be3 Bd4 11. Nb5 Bxb2 12. Rb1 Nd4 13. Nfxd4 Bxd4 14. Bxd4
exd4 15. Nxd4 O-O-O 16. Qf3 e5 17. Nf5 g6 18. Nh4 Rdg8 19. Qxf6 Rh7 20. Qf3 Rf7
21. Qe3 a6 22. Qa7 Kd8 23. Qb8+ Qc8 24. Rxb7 Kd7 25. Qxc8+ Kxc8 26. Ra7 Kb8 27.
Rxa6 Kb7 28. Ra3 h5 29. Rb3+ Kc6 30. a4 g5 31. Nf5 Rh8 32. a5 g4 33. hxg4 hxg4
34. a6 Rfh7 35. Ng3 d5 36. exd5+ Kxd5 37. a7 c6 38. Ra1 Ra8 39. c4+ Kd4 40.
Ne2+ Kc5 41. Ra5+ Kd6 42. c5+ Kd5 43. Rb8 Raxa7 44. Rd8+ Ke6 45. Rxa7 Rxa7 46.
Re8+ Kd5 47. Kh2 Rh7+ 48. Kg3 Rg7 49. f4 exf4+ 50. Nxf4+ Kxc5 51. Ne6+ Kd5 52.
Nxg7 Kd4 53. Kxg4 Kxd3 54. Kg5 c5 55. g4 c4 56. Rc8 Kd4 57. Kh5 Ke5 58. g5 Kd6
59. Rxc4 Ke7 60. Rf4 Kd7 61. Ne6 Kxe6 62. g6 Ke5 63. Rf1 Ke6 64. g7 Ke7 65.
g8=Q Kd6 66. Rf5 Ke7 67. Qg6 Kd8 68. Rf7 Ke8 69. Qg8# 1-0

[Event "CYCC U10"]
[Site "Windsor CAN"]
[Date "2016.07.06"]
[Round "2.99"]
[White "Brassard, Mathieu"]
[Black "Zaid, Daniyal"]
[Result "0-1"]
[WhiteElo "876"]
[BlackElo "584"]
[PlyCount "42"]
[EventDate "2016.07.05"]
[EventType "swiss"]
[EventRounds "7"]
[EventCountry "CAN"]

1. e4 e5 2. Qf3 Nh6 3. Bc4 f6 4. Qh5+ g6 5. Qf3 Bg7 6. Bb3 Nc6 7. Qc3 d6 8. Qc4
Bd7 9. d3 Qe7 10. Nc3 O-O-O 11. Nd5 Qe8 12. Bxh6 Bxh6 13. Nxf6 Qe7 14. Nd5 Qg5
15. Rd1 Bg4 16. f3 Bh3 17. Nxh3 Qxg2 18. Rf1 Qxh3 19. Ba4 Qh4+ 20. Rf2 Rhf8 21.
Qd4 Nxd4 {...} 0-1

[Event "CYCC U10"]
[Site "Windsor CAN"]
[Date "2016.07.06"]
[Round "2.100"]
[White "Joseph Benher, Savio"]
[Black "Dutrisac, Dylan"]
[Result "1-0"]
[WhiteElo "721"]
[BlackElo "852"]
[PlyCount "67"]
[EventDate "2016.07.05"]
[EventType "swiss"]
[EventRounds "7"]
[EventCountry "CAN"]

1. e4 c6 2. d4 Qc7 3. Nf3 b6 4. Bd3 Qd6 5. e5 Qc7 6. O-O d6 7. Bf4 Bg4 8. exd6
exd6 9. Re1+ Kd7 10. Nc3 c5 11. Be4 Nc6 12. Nb5 Qb7 13. h3 Be6 14. d5 Nd8 15.
dxe6+ fxe6 16. Bxb7 Nxb7 17. Ne5+ Ke7 18. Nc4 Nd8 19. Bxd6+ Kf7 20. Bxf8 Kxf8
21. Qf3+ Nf6 22. Rxe6 Nxe6 23. Qxa8+ Ne8 24. Re1 Kf7 25. Ncd6+ Ke7 26. Qxa7+
Kf6 27. Qf7+ Kg5 28. Qxe6 Nf6 29. Nf7+ Kf4 30. Nxh8 Ne4 31. Qxe4+ Kg5 32. Qxh7
g6 33. Qxg6+ Kh4 34. Re4# 1-0

[Event "CYCC U10"]
[Site "Windsor CAN"]
[Date "2016.07.06"]
[Round "3.79"]
[White "Issani, Nameer"]
[Black "Gu, Chuyang"]
[Result "1/2-1/2"]
[WhiteElo "2145"]
[BlackElo "1632"]
[PlyCount "108"]
[EventDate "2016.07.05"]
[EventType "swiss"]
[EventRounds "7"]
[EventCountry "CAN"]

1. d4 Nf6 2. c4 e6 3. Nc3 Bb4 4. e3 O-O 5. Nge2 d5 6. a3 Be7 7. cxd5 exd5 8.
Nf4 c6 9. Bd3 h6 10. O-O Nbd7 11. f3 Nb6 12. Bc2 c5 13. Kh1 Be6 14. Nxe6 fxe6
15. Ne2 Rc8 16. Nf4 Qd7 17. Ng6 Rfd8 18. Ne5 Qc7 19. Bg6 Nc4 20. Bf7+ Kf8 21.
Bxe6 Rb8 22. Ng6+ Ke8 23. Nf4 Bd6 24. Nxd5 Nxd5 25. Bxd5 Nb6 26. Be4 Ke7 27.
Qe1 Nd7 28. Bd2 Nf6 29. Rc1 Qd7 30. dxc5 Bxc5 31. Rxc5 Qxd2 32. Rc7+ Kf8 33.
Qg3 Rd7 34. Rxd7 Nxd7 35. Qf4+ Kg8 36. Bf5 Rf8 37. Qc4+ Kh8 38. Bxd7 Qxd7 39.
e4 Rd8 40. e5 b5 41. Qe4 Qd1 42. Kg1 Qb3 43. e6 Re8 44. e7 Qxb2 45. Re1 Qxa3
46. Qf5 Qb4 47. Qe5 a5 48. f4 a4 49. f5 Kh7 50. Qe6 Qd4+ 51. Kh1 Qf6 52. Qd7
Qf7 53. h3 a3 54. f6 a2 1/2-1/2

[Event "CYCC U10"]
[Site "Windsor CAN"]
[Date "2016.07.06"]
[Round "3.80"]
[White "Noor Ali, Aahil"]
[Black "Balachandran, Kousihan"]
[Result "1-0"]
[WhiteElo "2070"]
[BlackElo "1525"]
[PlyCount "123"]
[EventDate "2016.07.05"]
[EventType "swiss"]
[EventRounds "7"]
[EventCountry "CAN"]

1. d4 d5 2. c4 dxc4 3. e3 e6 4. Bxc4 c5 5. Nf3 Nf6 6. O-O a6 7. a4 Nc6 8. Nc3
Be7 9. dxc5 Qxd1 10. Rxd1 Bxc5 11. h3 O-O 12. e4 Nd7 13. Bf4 Na5 14. Ba2 Bb4
15. Bd6 Bxd6 16. Rxd6 Nc6 17. Nd4 Nxd4 18. Rxd4 Ne5 19. f4 Nc6 20. Rd6 Nb4 21.
Bb3 a5 22. Rad1 Nc6 23. Bc4 h6 24. Bb5 Nb4 25. e5 Rb8 26. Rd8 Nc6 27. Rxf8+
Kxf8 28. Rd6 Ke7 29. Bxc6 bxc6 30. Rxc6 Bd7 31. Ra6 Rxb2 32. Rxa5 Rb3 33. Nb5
Rb4 34. g3 Rb1+ 35. Kf2 Ra1 36. Ra6 Rb1 37. Ra7 Kd8 38. Nd6 Rb2+ 39. Kf3 Rb3+
40. Kg4 f5+ 41. exf6 e5+ 42. Kh4 gxf6 43. Nb7+ Kc8 44. Nc5 Rf3 45. Nxd7 e4 46.
Nxf6 e3 47. Re7 Kd8 48. Re4 e2 49. Rxe2 Ra3 50. Re4 Kc7 51. Ng8 h5 52. f5 Kd6
53. f6 Rxa4 54. Rxa4 Ke6 55. Rf4 Kf7 56. Nh6+ Kf8 57. f7 Ke7 58. Rd4 Kf8 59.
Rd8+ Kg7 60. f8=Q+ Kg6 61. Rd6+ Kh7 62. Qg8# 1-0

[Event "CYCC U10"]
[Site "Windsor CAN"]
[Date "2016.07.06"]
[Round "3.81"]
[White "Chen, Max"]
[Black "Guipi Bopala, Prince Eric jr"]
[Result "1-0"]
[WhiteElo "2007"]
[BlackElo "1499"]
[PlyCount "111"]
[EventDate "2016.07.05"]
[EventType "swiss"]
[EventRounds "7"]
[EventCountry "CAN"]

1. e4 e5 2. Nf3 Nc6 3. Bc4 Nf6 4. d3 Bc5 5. c3 d6 6. Bb3 Be6 7. h3 h6 8. O-O
Qe7 9. Re1 O-O-O 10. Bxe6+ fxe6 11. b4 Bb6 12. a4 a5 13. Qb3 g5 14. Be3 Bxe3
15. Rxe3 g4 16. Nh4 Rhg8 17. Nd2 axb4 18. Rb1 Kd7 19. Nc4 Nxe4 20. Rxe4 Qxh4
21. Ne3 h5 22. c4 Rdf8 23. Rb2 Rg7 24. Qd1 Rfg8 25. f3 Qf6 26. fxg4 hxg4 27.
Nxg4 Qe7 28. Re1 Ra8 29. Rf1 Rf8 30. Re1 Ra8 31. Nf2 Rag8 32. Ng4 Ra8 33. c5
Rf7 34. cxd6 cxd6 35. Nf2 Rg7 36. Ne4 Qh4 37. Rf1 Qxh3 38. Rf7+ Ne7 39. Rxg7
Qe3+ 40. Nf2 Qd4 41. Qc1 Rxa4 42. Rb1 Ra2 43. Rf7 Ke8 44. Rf3 d5 45. Qh6 Kd7
46. Rf7 Qc5 47. Qf6 Qd6 48. Ng4 Qc5+ 49. Kh1 Qd6 50. Nxe5+ Kd8 51. Ng6 Kd7 52.
Qxe7+ Qxe7 53. Rxe7+ Kd6 54. Rxb4 Ra3 55. d4 Rg3 56. Rb6# 1-0

[Event "CYCC U10"]
[Site "Windsor CAN"]
[Date "2016.07.06"]
[Round "3.82"]
[White "Ivanescu, Mark"]
[Black "Zhou, Aiden"]
[Result "0-1"]
[WhiteElo "1603"]
[BlackElo "1847"]
[PlyCount "56"]
[EventDate "2016.07.05"]
[EventType "swiss"]
[EventRounds "7"]
[EventCountry "CAN"]

1. d4 Nf6 2. Nf3 e6 3. Bf4 d5 4. e3 Be7 5. Bd3 O-O 6. O-O c5 7. c3 b6 8. Qe2
Bb7 9. h3 Nbd7 10. Nbd2 Ne4 11. Rfe1 Ndf6 12. Ne5 Nxd2 13. Qxd2 Ne4 14. Qc2 f6
15. Nf3 Bd6 16. dxc5 bxc5 17. Rad1 Bxf4 18. exf4 Qc7 19. Nd2 f5 20. f3 c4 21.
Bxe4 fxe4 22. fxe4 Qxf4 23. exd5 Qf2+ 24. Kh1 Bxd5 25. Rg1 Rf3 26. Kh2 Qg3+ 27.
Kh1 Qxh3+ 28. gxh3 Rxh3# 0-1

[Event "CYCC U10"]
[Site "Windsor CAN"]
[Date "2016.07.06"]
[Round "3.84"]
[White "Xie, Austin"]
[Black "Wu, Lucian"]
[Result "1/2-1/2"]
[WhiteElo "1638"]
[BlackElo "1320"]
[PlyCount "90"]
[EventDate "2016.07.05"]
[EventType "swiss"]
[EventRounds "7"]
[EventCountry "CAN"]

1. e4 e5 2. Nf3 Nc6 3. Bb5 a6 4. Bxc6 dxc6 5. O-O f6 6. d4 exd4 7. Qxd4 Qxd4 8.
Nxd4 Bc5 9. Nb3 Bb6 10. Nc3 Ne7 11. Re1 O-O 12. Be3 Bxe3 13. Rxe3 Bg4 14. f3
Bh5 15. g4 Bf7 16. Rd1 Rad8 17. Red3 Rxd3 18. Rxd3 Be6 19. Kf2 Ng6 20. Kg3 Ne5
21. Rd1 Nc4 22. Na4 Ne3 23. Rd3 Nxc2 24. Nac5 Bxb3 25. Rxb3 b6 26. Nxa6 Nd4 27.
Rd3 Rd8 28. Re3 Ne6 29. Re2 c5 30. b4 Ra8 31. b5 Nd4 32. Rb2 Nxb5 33. Rxb5 Rxa6
34. Rb2 Kf7 35. Kf4 Ra5 36. h4 h6 37. h5 c4 38. Ke3 c5 39. Rxb6 Rxa2 40. Rb5
Ra3+ 41. Kf4 Rc3 42. Rxc5 Rc1 43. Ke3 Ke6 44. Kd2 Rf1 45. Ke2 Rc1 1/2-1/2

[Event "CYCC U10"]
[Site "Windsor CAN"]
[Date "2016.07.06"]
[Round "3.85"]
[White "Rusonik, Mark"]
[Black "Lu, Lucas Yunkun"]
[Result "1-0"]
[WhiteElo "1817"]
[BlackElo "1083"]
[PlyCount "71"]
[EventDate "2016.07.05"]
[EventType "swiss"]
[EventRounds "7"]
[EventCountry "CAN"]

1. e4 e5 2. f4 exf4 3. Nf3 d6 4. Bc4 Nc6 5. d4 Nf6 6. Nc3 Bg4 7. Bxf4 Bxf3 8.
gxf3 a6 9. Qd2 Qd7 10. O-O-O O-O-O 11. Rhg1 g6 12. Bg5 Be7 13. Bxf7 Rhf8 14.
Bc4 Nh5 15. Bxe7 Qxe7 16. Nd5 Qg7 17. Qe3 Rde8 18. c3 Ne7 19. Nxe7+ Rxe7 20. d5
Nf4 21. Qa7 Qh6 22. Kb1 Ree8 23. Rd2 Nh3 24. Rgd1 Ng1 25. Qa8+ Kd7 26. Qxb7 Rb8
27. Qc6+ Kd8 28. Be2 Nxe2 29. Rxe2 Rxf3 30. e5 Qf8 31. e6 Qe7 32. Rdd2 Rf1+ 33.
Kc2 Ra1 34. Rf2 Kc8 35. Rf7 Qd8 36. e7 1-0

[Event "CYCC U10"]
[Site "Windsor CAN"]
[Date "2016.07.06"]
[Round "3.86"]
[White "Zhu, Max"]
[Black "Gaisinsky, Jacob"]
[Result "1-0"]
[WhiteElo "1460"]
[BlackElo "999"]
[PlyCount "65"]
[EventDate "2016.07.05"]
[EventType "swiss"]
[EventRounds "7"]
[EventCountry "CAN"]

1. e4 e5 2. Nf3 Nc6 3. Bc4 Bc5 4. O-O Nf6 5. d3 d6 6. h3 O-O 7. Bg5 Re8 8. Nc3
h6 9. Bh4 Be6 10. Bd5 Rb8 11. Bxc6 bxc6 12. Rb1 d5 13. Nxe5 d4 14. Nxc6 Qd7 15.
Nxb8 Rxb8 16. Bxf6 dxc3 17. Bxc3 Bd4 18. Bxd4 Qxd4 19. c3 Qf6 20. Qa4 Qg6 21.
Qxa7 Bxh3 22. Qxb8+ Kh7 23. g3 Qg4 24. Qb5 Qf3 25. Qf5+ Bxf5 26. exf5 Qxf5 27.
d4 Qg5 28. Rbe1 h5 29. Re5 Qg6 30. Rfe1 h4 31. Kg2 f5 32. Rh1 Qg4 33. Rxh4+ 1-0

[Event "CYCC U10"]
[Site "Windsor CAN"]
[Date "2016.07.06"]
[Round "3.87"]
[White "Ren, Alexander"]
[Black "Bui, Alan"]
[Result "0-1"]
[WhiteElo "918"]
[BlackElo "1417"]
[PlyCount "68"]
[EventDate "2016.07.05"]
[EventType "swiss"]
[EventRounds "7"]
[EventCountry "CAN"]

1. e4 e5 2. Nf3 Nc6 3. Bb5 a6 4. Bxc6 dxc6 5. O-O Bg4 6. h3 Bh5 7. b3 Nf6 8.
Re1 Bd6 9. Bb2 O-O 10. d4 exd4 11. e5 Bxe5 12. Rxe5 Bxf3 13. Qxf3 Qd6 14. Re1
Rfe8 15. Nd2 Qc5 16. Qd3 Rad8 17. Rxe8+ Nxe8 18. Nf3 Nf6 19. Rd1 Qa5 20. a4 c5
21. Ne5 c6 22. Ba3 Qc7 23. f4 b6 24. Qxa6 Nd5 25. Qd3 Nxf4 26. Qf5 Ne2+ 27. Kf2
Re8 28. Nd3 Qg3+ 29. Kf1 Qh2 30. Ne5 Ng3+ 31. Kf2 Nxf5 32. Nf3 Qg3+ 33. Kf1
Ne3+ 34. Ke2 Qxg2+ 0-1

[Event "CYCC U10"]
[Site "Windsor CAN"]
[Date "2016.07.06"]
[Round "3.88"]
[White "Dinatolo, Zack"]
[Black "Yuan, Kevin"]
[Result "1-0"]
[WhiteElo "979"]
[BlackElo "1416"]
[PlyCount "147"]
[EventDate "2016.07.05"]
[EventType "swiss"]
[EventRounds "7"]
[EventCountry "CAN"]

1. e4 e5 2. Nf3 Nc6 3. Bc4 Bc5 4. O-O Nf6 5. Nc3 O-O 6. d3 h6 7. Be3 Bb6 8.
Bxb6 axb6 9. d4 exd4 10. Nxd4 Re8 11. Re1 d6 12. Nxc6 bxc6 13. Qd2 Bb7 14. Rad1
Qe7 15. Re3 b5 16. Bb3 Rad8 17. Rde1 Kh7 18. f3 b4 19. Ne2 d5 20. e5 Qc5 21.
Qd4 Qxd4 22. Nxd4 c5 23. Nb5 d4 24. R3e2 Nd5 25. Bxd5 Bxd5 26. Nxc7 Re7 27.
Nxd5 Rxd5 28. e6 fxe6 29. Rxe6 Ra7 30. Ra1 c4 31. Ree1 Kg6 32. Kf2 Kf5 33. g4+
Kf6 34. Red1 Ke5 35. Kg3 g5 36. Re1+ Kf6 37. a3 bxa3 38. Rxa3 Rb7 39. Ra6+ Kg7
40. Ra2 Kf6 41. Kf2 Rc7 42. Ra6+ Kg7 43. Rae6 Rdd7 44. Rd1 Rb7 45. Rb1 Kh7 46.
Ree1 Kg6 47. Red1 Kf6 48. b3 cxb3 49. Rxb3 Rbc7 50. c3 Rc4 51. cxd4 Rcxd4 52.
Rxd4 Rxd4 53. Ke3 Ke5 54. Rb5+ Rd5 55. Rxd5+ Kxd5 56. f4 Ke6 57. fxg5 hxg5 58.
Ke4 Kf6 59. Kd5 Kg6 60. Ke5 Kg7 61. Kf5 Kh6 62. Kf6 Kh7 63. Kxg5 Kg7 64. h4 Kh7
65. Kf6 Kh6 66. Kf7 Kh7 67. g5 Kh8 68. h5 Kh7 69. g6+ Kh6 70. g7 Kxh5 71. g8=Q
Kh4 72. Qg2 Kh5 73. Qg3 Kh6 74. Qh4# 1-0

[Event "CYCC U10"]
[Site "Windsor CAN"]
[Date "2016.07.06"]
[Round "3.89"]
[White "Feng, Richard2"]
[Black "Vo, Andy"]
[Result "1-0"]
[WhiteElo "761"]
[BlackElo "1406"]
[PlyCount "57"]
[EventDate "2016.07.05"]
[EventType "swiss"]
[EventRounds "7"]
[EventCountry "CAN"]

1. d4 Nf6 2. c4 e6 3. Nf3 Bb4+ 4. Bd2 Qe7 5. e3 d5 6. Be2 O-O 7. O-O c5 8. Bxb4
cxb4 9. b3 b6 10. Nbd2 Bb7 11. Ne5 Nbd7 12. Ndf3 Rac8 13. Rc1 Rfd8 14. Qc2 b5
15. Qb1 bxc4 16. bxc4 dxc4 17. Rxc4 Rxc4 18. Nxc4 Rc8 19. Nfe5 Ne4 20. Qb2 Nxe5
21. Nxe5 a5 22. a4 Qg5 23. f3 Nc3 24. e4 b3 25. Rf2 Nxe2+ 26. Rxe2 Rc1+ 27. Kf2
Rh1 28. Qxb3 f6 29. Qxe6+ 1-0

[Event "CYCC U10"]
[Site "Windsor CAN"]
[Date "2016.07.06"]
[Round "3.90"]
[White "De Costa, Benjamin"]
[Black "Xing, Blair"]
[Result "1-0"]
[WhiteElo "1394"]
[BlackElo "924"]
[PlyCount "73"]
[EventDate "2016.07.05"]
[EventType "swiss"]
[EventRounds "7"]
[EventCountry "CAN"]

1. e4 e5 2. Nf3 Nc6 3. Bb5 a6 4. Ba4 Nf6 5. d3 d6 6. c3 Bg4 7. h3 Be6 8. Ng5
Qe7 9. Nxe6 Qxe6 10. O-O g6 11. Be3 Bg7 12. Nd2 O-O 13. Qe1 d5 14. Bb3 Na5 15.
Bc2 c6 16. b4 Rad8 17. bxa5 dxe4 18. Nxe4 Nxe4 19. dxe4 Rd7 20. Bb6 Bh6 21. Bb3
Qf6 22. Rd1 Rxd1 23. Qxd1 Bf4 24. Qe2 Qe7 25. Qc4 Qd7 26. Rd1 Qc8 27. Qd3 Bg5
28. Qd7 Qxd7 29. Rxd7 Kg7 30. Rxb7 Ra8 31. Rxf7+ Kh6 32. g3 Bd2 33. h4 Bxc3 34.
Be3+ Kh5 35. Rxh7+ Kg4 36. Kg2 Bxa5 37. f3# 1-0